000 00422nam a2200169Ia 4500
003 GCL
008 140319s9999 xx 000 0 eng d
040 _aGCL /
_cGCL
082 0 4 _a407.1
_bS L
100 1 _aVALERIC, SHEPHERD
245 1 0 _aLITERATURE ABOUT LANGUAGE /
_cVALERIC, SHEPHERD
260 _a[S.N] :
_bROUTLEDGE ،
_c1994
300 _a178 P
650 0 4 _aLITERATURE
650 0 4 _aLANGUAGES
942 _2ddc
_cBK
999 _c23975
_d23975